Quản lí xã hội theo định hướng XHCN
Sách trình bày vấn đề quản lý xã hội theo định hướng xã hội chủ nghĩa trong ba phần: 1) Những cơ sở pháp luận về quản lý xã hội. 2) Chủ thể quản lý xã hội và bộ máy quản lý xã hội. 3) Thông tin xã hội và quản lý xã hội...
Na minha lista:
| Autor principal: | |
|---|---|
| Formato: | Livro |
| Idioma: | Undetermined |
| Publicado em: |
Hà Nội
KHXH
1997
|
| Assuntos: | |
| Tags: |
Adicionar Tag
Sem tags, seja o primeiro a adicionar uma tag!
|
| Thư viện lưu trữ: | Trung tâm Học liệu Trường Đại học Cần Thơ |
|---|
| LEADER | 00849nam a2200181Ia 4500 | ||
|---|---|---|---|
| 001 | CTU_16845 | ||
| 008 | 210402s9999 xx 000 0 und d | ||
| 082 | |a 306.345 | ||
| 082 | |b L250 | ||
| 100 | |a Thanh Lê | ||
| 245 | 0 | |a Quản lí xã hội theo định hướng XHCN | |
| 245 | 0 | |c Thanh Lê | |
| 260 | |a Hà Nội | ||
| 260 | |b KHXH | ||
| 260 | |c 1997 | ||
| 520 | |a Sách trình bày vấn đề quản lý xã hội theo định hướng xã hội chủ nghĩa trong ba phần: 1) Những cơ sở pháp luận về quản lý xã hội. 2) Chủ thể quản lý xã hội và bộ máy quản lý xã hội. 3) Thông tin xã hội và quản lý xã hội | ||
| 650 | |a social sciences and management,socialism | ||
| 980 | |a Trung tâm Học liệu Trường Đại học Cần Thơ | ||